[Event "Team men PL final"]
[Site "Sochi"]
[Date "2018.05.05"]
[Round "5.5"]
[White "Hasangatin, Ramil"]
[Black "Rodshtein, Maxim"]
[Result "0-1"]
[BlackElo "2678"]
[WhiteElo "2502"]
[LiveChessVersion "1.4.8"]

1. Nf3 {[%clk 1:30:44]} d5 {[%clk 1:29:59]} 2. d4 {[%clk 1:30:54]} Nf6
{[%clk 1:30:04]} 3. Bf4 {[%clk 1:31:18]} e6 {[%clk 1:27:59]} 4. e3
{[%clk 1:31:02]} c5 {[%clk 1:27:53]} 5. dxc5 {[%clk 1:31:17]} Bxc5
{[%clk 1:27:39]} 6. c4 {[%clk 1:31:42]} Nc6 {[%clk 1:22:24]} 7. Nc3
{[%clk 1:31:49]} Bb4 {[%clk 1:19:10]} 8. Qc2 {[%clk 1:31:48]} Qa5
{[%clk 1:11:57]} 9. Bd3 {[%clk 0:56:09]} Bd7 {[%clk 0:53:16]} 10. O-O
{[%clk 0:50:37]} Bxc3 {[%clk 0:50:17]} 11. Qxc3 {[%clk 0:49:19]} Qxc3
{[%clk 0:50:40]} 12. bxc3 {[%clk 0:49:48]} dxc4 {[%clk 0:50:37]} 13. Bxc4
{[%clk 0:49:52]} Ne4 {[%clk 0:50:24]} 14. Bd3 {[%clk 0:37:52]} Nxc3
{[%clk 0:42:28]} 15. Rfc1 {[%clk 0:37:02]} Nd5 {[%clk 0:42:07]} 16. Bd6
{[%clk 0:37:07]} Rd8 {[%clk 0:32:15]} 17. e4 {[%clk 0:31:43]} Nde7
{[%clk 0:29:50]} 18. e5 {[%clk 0:25:03]} f6 {[%clk 0:22:55]} 19. Rab1
{[%clk 0:23:01]} Bc8 {[%clk 0:21:12]} 20. Be4 {[%clk 0:17:25]} Nd5
{[%clk 0:20:54]} 21. Rc5 {[%clk 0:12:10]} fxe5 {[%clk 0:15:55]} 22. Bxd5
{[%clk 0:08:20]} exd5 {[%clk 0:16:00]} 23. Rxd5 {[%clk 0:07:46]} Kf7
{[%clk 0:11:31]} 24. Ng5+ {[%clk 0:03:40]} Kg6 {[%clk 0:11:28]} 25. Ne4
{[%clk 0:02:38]} Bf5 {[%clk 0:05:52]} 26. f3 {[%clk 0:03:07]} Bxe4
{[%clk 0:06:04]} 27. fxe4 {[%clk 0:03:35]} Rd7 {[%clk 0:06:29]} 28. Rb3
{[%clk 0:01:32]} Kf6 {[%clk 0:02:25]} 29. Rf3+ {[%clk 0:01:10]} Ke6
{[%clk 0:02:03]} 30. Bf8 {[%clk 0:01:39]} Rg8 {[%clk 0:00:58]} 31. Rxd7
{[%clk 0:01:35]} Kxd7 {[%clk 0:01:24]} 32. h4 {[%clk 0:00:52]} h5
{[%clk 0:00:56]} 33. Kh2 {[%clk 0:01:21]} Ke6 {[%clk 0:01:15]} 34. Kh3
{[%clk 0:00:42]} g5 {[%clk 0:00:51]} 35. Bc5 {[%clk 0:00:44]} 0-1

[Event "Team men PL final"]
[Site "Sochi"]
[Date "2018.05.05"]
[Round "5.6"]
[White "Alekseenko, Kirill"]
[Black "Faizrakhmanov, Ramil"]
[Result "1-0"]
[BlackElo "2419"]
[WhiteElo "2625"]
[LiveChessVersion "1.4.8"]

1. e4 {[%clk 1:30:56]} e5 {[%clk 1:30:47]} 2. Nf3 {[%clk 1:31:03]} Nc6
{[%clk 1:30:55]} 3. Bb5 {[%clk 1:31:04]} Nf6 {[%clk 1:31:03]} 4. d3
{[%clk 1:30:53]} Bc5 {[%clk 1:31:08]} 5. Bxc6 {[%clk 1:29:51]} dxc6
{[%clk 1:31:24]} 6. Nbd2 {[%clk 1:29:35]} O-O {[%clk 1:30:47]} 7. Nc4
{[%clk 1:27:49]} Nd7 {[%clk 1:30:41]} 8. Be3 {[%clk 1:27:26]} Bd6
{[%clk 1:28:14]} 9. Qe2 {[%clk 1:26:40]} c5 {[%clk 1:27:01]} 10. O-O
{[%clk 1:24:58]} Re8 {[%clk 1:26:00]} 11. a4 {[%clk 1:15:19]} Nb8
{[%clk 1:24:04]} 12. Kh1 {[%clk 1:07:40]} Nc6 {[%clk 1:21:48]} 13. c3
{[%clk 1:02:22]} f6 {[%clk 1:14:31]} 14. Nh4 {[%clk 0:57:23]} Be6
{[%clk 1:14:00]} 15. g4 {[%clk 0:54:57]} Qd7 {[%clk 1:10:48]} 16. Rg1
{[%clk 0:52:47]} Bf8 {[%clk 1:10:26]} 17. g5 {[%clk 0:45:26]} fxg5
{[%clk 0:45:48]} 18. Bxg5 {[%clk 0:45:11]} Bxc4 {[%clk 0:40:54]} 19. dxc4
{[%clk 0:45:28]} Re6 {[%clk 0:38:36]} 20. Rad1 {[%clk 0:41:32]} Qe8
{[%clk 0:35:18]} 21. Nf5 {[%clk 0:39:58]} g6 {[%clk 0:34:41]} 22. Ne3
{[%clk 0:39:12]} h6 {[%clk 0:33:46]} 23. Bh4 {[%clk 0:37:38]} Bg7
{[%clk 0:29:35]} 24. Rd3 {[%clk 0:37:09]} Qf7 {[%clk 0:20:12]} 25. Rgd1
{[%clk 0:28:50]} Rd6 {[%clk 0:14:14]} 26. Rxd6 {[%clk 0:27:24]} cxd6
{[%clk 0:14:39]} 27. Rxd6 {[%clk 0:27:27]} Rf8 {[%clk 0:14:41]} 28. Qg4
{[%clk 0:22:23]} g5 {[%clk 0:10:24]} 29. Nf5 {[%clk 0:20:14]} Qxc4
{[%clk 0:10:39]} 30. Kg1 {[%clk 0:19:45]} Rxf5 {[%clk 0:01:01]} 31. Qxf5
{[%clk 0:20:10]} gxh4 {[%clk 0:01:27]} 32. Re6 {[%clk 0:20:37]} 1-0

[Event "Team men PL final"]
[Site "Sochi"]
[Date "2018.05.05"]
[Round "5.7"]
[White "Shinkevich, Vitaly"]
[Black "Lobanov, Sergei"]
[Result "0-1"]
[BlackElo "2515"]
[WhiteElo "2433"]
[LiveChessVersion "1.4.8"]

1. d4 {[%clk 1:30:58]} Nf6 {[%clk 1:30:53]} 2. Nf3 {[%clk 1:31:25]} d5
{[%clk 1:31:13]} 3. c4 {[%clk 1:31:50]} c6 {[%clk 1:31:41]} 4. Nc3
{[%clk 1:32:07]} e6 {[%clk 1:32:05]} 5. Bg5 {[%clk 1:28:55]} h6 {[%clk 1:32:22]}
6. Bxf6 {[%clk 1:29:20]} Qxf6 {[%clk 1:32:47]} 7. e3 {[%clk 1:29:46]} Nd7
{[%clk 1:32:59]} 8. Bd3 {[%clk 1:29:41]} dxc4 {[%clk 1:33:25]} 9. Bxc4
{[%clk 1:30:09]} g6 {[%clk 1:33:48]} 10. O-O {[%clk 1:30:34]} Bg7
{[%clk 1:34:15]} 11. Rc1 {[%clk 1:30:57]} O-O {[%clk 1:34:24]} 12. Bb3
{[%clk 1:31:24]} Qe7 {[%clk 1:33:00]} 13. Na4 {[%clk 1:30:49]} e5
{[%clk 1:19:53]} 14. Nc3 {[%clk 1:30:53]} Kh7 {[%clk 1:17:03]} 15. Qc2
{[%clk 1:24:19]} f5 {[%clk 1:11:44]} 16. Rfd1 {[%clk 1:23:38]} e4
{[%clk 1:09:25]} 17. Nd2 {[%clk 1:23:46]} Nf6 {[%clk 1:09:30]} 18. Ne2
{[%clk 1:23:59]} Bd7 {[%clk 1:05:20]} 19. Qc5 {[%clk 1:22:40]} Qxc5
{[%clk 1:01:38]} 20. Rxc5 {[%clk 1:21:44]} Rfe8 {[%clk 0:57:57]} 21. Rcc1
{[%clk 1:08:28]} Rad8 {[%clk 0:55:55]} 22. a3 {[%clk 1:04:54]} g5
{[%clk 0:52:50]} 23. Ba2 {[%clk 1:03:21]} Bc8 {[%clk 0:40:34]} 24. Re1
{[%clk 0:58:37]} h5 {[%clk 0:40:00]} 25. Bb1 {[%clk 0:46:59]} Nd5
{[%clk 0:38:56]} 26. Nc4 {[%clk 0:44:52]} Kh6 {[%clk 0:37:40]} 27. Ng3
{[%clk 0:34:57]} h4 {[%clk 0:37:53]} 28. Nf1 {[%clk 0:35:23]} Re7
{[%clk 0:36:48]} 29. b4 {[%clk 0:29:02]} Be6 {[%clk 0:34:51]} 30. Nfd2
{[%clk 0:25:40]} Bf7 {[%clk 0:34:29]} 31. Na5 {[%clk 0:22:24]} Bg6
{[%clk 0:34:37]} 32. Ndc4 {[%clk 0:20:58]} Rdd7 {[%clk 0:31:34]} 33. Nb3
{[%clk 0:20:10]} Rc7 {[%clk 0:29:09]} 34. Nc5 {[%clk 0:18:46]} b6
{[%clk 0:16:44]} 35. Na6 {[%clk 0:16:37]} Rc8 {[%clk 0:16:08]} 36. Ba2
{[%clk 0:14:45]} Rd8 {[%clk 0:07:06]} 37. Ne5 {[%clk 0:10:27]} Bxe5
{[%clk 0:07:30]} 38. dxe5 {[%clk 0:10:55]} Rxe5 {[%clk 0:06:24]} 39. Red1
{[%clk 0:10:46]} Ree8 {[%clk 0:05:06]} 40. Rd4 {[%clk 0:32:02]} Nf4
{[%clk 0:32:52]} 41. Rxd8 {[%clk 0:28:53]} Ne2+ {[%clk 0:33:18]} 42. Kf1
{[%clk 0:29:20]} Nxc1 {[%clk 0:33:43]} 43. Rxe8 {[%clk 0:29:43]} Bxe8
{[%clk 0:34:09]} 44. Nc7 {[%clk 0:29:21]} Nxa2 {[%clk 0:32:48]} 45. Nxe8
{[%clk 0:29:23]} Kg6 {[%clk 0:32:37]} 46. Nd6 {[%clk 0:29:00]} Kf6
{[%clk 0:31:53]} 47. Nc8 {[%clk 0:29:25]} a5 {[%clk 0:28:17]} 48. bxa5
{[%clk 0:21:36]} bxa5 {[%clk 0:28:44]} 49. Na7 {[%clk 0:22:02]} c5
{[%clk 0:28:50]} 50. Nc6 {[%clk 0:22:26]} a4 {[%clk 0:29:16]} 51. Na5
{[%clk 0:22:52]} Ke6 {[%clk 0:27:31]} 52. Nc4 {[%clk 0:21:43]} Nc3
{[%clk 0:27:33]} 53. Ke1 {[%clk 0:17:55]} Nd5 {[%clk 0:18:10]} 54. Ke2
{[%clk 0:02:27]} f4 {[%clk 0:18:29]} 55. Kf1 {[%clk 0:02:22]} Nc3
{[%clk 0:12:33]} 56. h3 {[%clk 0:01:25]} Nb5 {[%clk 0:12:26]} 57. Ke2
{[%clk 0:00:55]} Nc3+ {[%clk 0:10:46]} 58. Kf1 {[%clk 0:01:21]} Nd5
{[%clk 0:10:50]} 59. Ke2 {[%clk 0:01:34]} Nc3+ {[%clk 0:06:45]} 60. Kf1
{[%clk 0:02:03]} f3 {[%clk 0:04:44]} 61. Kg1 {[%clk 0:02:17]} Kd5
{[%clk 0:04:15]} 62. Nb6+ {[%clk 0:02:46]} Kc6 {[%clk 0:04:40]} 63. Nc4
{[%clk 0:03:13]} Nb5 {[%clk 0:05:03]} 64. gxf3 {[%clk 0:00:54]} exf3
{[%clk 0:05:29]} 65. Kf1 {[%clk 0:01:22]} Kd5 {[%clk 0:03:58]} 66. Nb6+
{[%clk 0:01:44]} Ke4 {[%clk 0:04:16]} 67. Nxa4 {[%clk 0:01:56]} c4
{[%clk 0:04:42]} 68. Ke1 {[%clk 0:00:37]} g4 {[%clk 0:04:46]} 69. hxg4
{[%clk 0:01:01]} h3 {[%clk 0:05:06]} 0-1

[Event "Team men PL final"]
[Site "Sochi"]
[Date "2018.05.05"]
[Round "5.8"]
[White "Usmanov, Vasily"]
[Black "Palachev, Petr"]
[Result "1/2-1/2"]
[BlackElo "2402"]
[WhiteElo "2472"]
[LiveChessVersion "1.4.8"]

1. c4 {[%clk 1:30:57]} e5 {[%clk 1:30:54]} 2. Nc3 {[%clk 1:31:11]} Nf6
{[%clk 1:31:17]} 3. Nf3 {[%clk 1:30:59]} Nc6 {[%clk 1:31:41]} 4. a3
{[%clk 1:30:58]} g6 {[%clk 1:31:36]} 5. d4 {[%clk 1:18:57]} exd4 {[%clk 1:31:33]}
6. Nxd4 {[%clk 1:19:23]} Bg7 {[%clk 1:28:09]} 7. Bg5 {[%clk 1:15:22]} h6
{[%clk 1:21:53]} 8. Bh4 {[%clk 1:15:43]} d6 {[%clk 1:20:44]} 9. e3
{[%clk 1:12:07]} O-O {[%clk 1:15:32]} 10. Nxc6 {[%clk 1:12:03]} bxc6
{[%clk 1:15:56]} 11. Bd3 {[%clk 1:12:28]} Be6 {[%clk 1:06:35]} 12. O-O
{[%clk 1:12:31]} g5 {[%clk 0:51:39]} 13. Bg3 {[%clk 1:12:43]} Ng4
{[%clk 0:52:03]} 14. Be2 {[%clk 0:54:40]} Ne5 {[%clk 0:44:01]} 15. Qa4
{[%clk 0:52:01]} Bd7 {[%clk 0:30:30]} 16. c5 {[%clk 0:31:51]} Qe7
{[%clk 0:17:06]} 17. f4 {[%clk 0:23:52]} Nd3 {[%clk 0:16:40]} 18. Bxd3
{[%clk 0:22:29]} Qxe3+ {[%clk 0:16:27]} 19. Kh1 {[%clk 0:22:46]} Qxd3
{[%clk 0:16:50]} 20. Rad1 {[%clk 0:23:05]} Qg6 {[%clk 0:10:37]} 21. cxd6
{[%clk 0:23:11]} cxd6 {[%clk 0:03:12]} 22. fxg5 {[%clk 0:22:49]} hxg5
{[%clk 0:03:38]} 23. Rxd6 {[%clk 0:19:40]} Be6 {[%clk 0:04:05]} 24. Rxc6
{[%clk 0:18:37]} Rfd8 {[%clk 0:04:08]} 25. Qe4 {[%clk 0:14:09]} Qxe4
{[%clk 0:04:01]} 26. Nxe4 {[%clk 0:14:34]} Rd5 {[%clk 0:01:40]} 27. b4
{[%clk 0:13:30]} a5 {[%clk 0:01:30]} 28. Rc5 {[%clk 0:13:06]} axb4
{[%clk 0:01:48]} 29. axb4 {[%clk 0:13:26]} Bd4 {[%clk 0:00:41]} 30. Rxd5
{[%clk 0:10:13]} Bxd5 {[%clk 0:01:08]} 31. Nxg5 {[%clk 0:10:39]} Bc4
{[%clk 0:00:44]} 32. Rb1 {[%clk 0:06:41]} Bd3 {[%clk 0:01:10]} 33. Rd1
{[%clk 0:06:15]} Bc2 {[%clk 0:00:59]} 34. Re1 {[%clk 0:05:02]} Bc3
{[%clk 0:01:23]} 35. Rg1 {[%clk 0:05:29]} Bd4 {[%clk 0:01:48]} 36. Nf3
{[%clk 0:05:26]} Bxg1 {[%clk 0:02:13]} 37. Kxg1 {[%clk 0:05:55]} Ra1+
{[%clk 0:02:07]} 38. Kf2 {[%clk 0:06:16]} Rb1 {[%clk 0:02:24]} 39. Bd6
{[%clk 0:05:29]} Be4 {[%clk 0:02:16]} 40. g4 {[%clk 0:32:11]} Bb7
{[%clk 0:27:42]} 41. Nd2 {[%clk 0:30:29]} Rd1 {[%clk 0:27:42]} 42. Ke3
{[%clk 0:29:16]} Rg1 {[%clk 0:27:24]} 43. Bg3 {[%clk 0:28:50]} Rc1
{[%clk 0:21:29]} 44. b5 {[%clk 0:28:27]} Rc5 {[%clk 0:11:21]} 45. b6
{[%clk 0:28:43]} Rg5 {[%clk 0:11:48]} 46. h3 {[%clk 0:24:39]} Rg6
{[%clk 0:11:43]} 47. Bc7 {[%clk 0:23:28]} Rh6 {[%clk 0:12:06]} 48. Nc4
{[%clk 0:20:33]} Rxh3+ {[%clk 0:12:32]} 49. Kf4 {[%clk 0:20:25]} Rb3
{[%clk 0:10:02]} 50. Nd6 {[%clk 0:19:32]} Bg2 {[%clk 0:08:14]} 51. g5
{[%clk 0:18:36]} Kf8 {[%clk 0:07:16]} 52. Ke5 {[%clk 0:16:31]} Ke7
{[%clk 0:07:17]} 53. Nf5+ {[%clk 0:16:34]} Kd7 {[%clk 0:07:37]} 54. Nh6
{[%clk 0:15:53]} Rb5+ {[%clk 0:04:01]} 55. Kf6 {[%clk 0:15:46]} Bd5
{[%clk 0:04:28]} 56. Nf5 {[%clk 0:13:29]} Ba2 {[%clk 0:02:59]} 57. Nd4
{[%clk 0:10:04]} Rb2 {[%clk 0:03:22]} 58. Ke5 {[%clk 0:08:56]} Rd2
{[%clk 0:03:35]} 59. Ke4 {[%clk 0:07:55]} 1/2-1/2

[Event "Team men PL final"]
[Site "Sochi"]
[Date "2018.05.05"]
[Round "5.9"]
[White "Skatchkov, Valery"]
[Black "Popov, Valerij"]
[Result "0-1"]
[BlackElo "2528"]
[WhiteElo "2338"]
[LiveChessVersion "1.4.8"]

1. d4 {[%clk 1:30:59]} Nf6 {[%clk 1:30:54]} 2. c4 {[%clk 1:31:04]} e6
{[%clk 1:31:20]} 3. Nf3 {[%clk 1:31:26]} d5 {[%clk 1:31:44]} 4. g3
{[%clk 1:31:47]} Bb4+ {[%clk 1:30:19]} 5. Bd2 {[%clk 1:31:04]} Bd6
{[%clk 1:30:02]} 6. Bg2 {[%clk 1:29:54]} c6 {[%clk 1:30:22]} 7. Qc2
{[%clk 1:27:10]} Nbd7 {[%clk 1:30:28]} 8. O-O {[%clk 1:19:00]} O-O
{[%clk 1:30:49]} 9. Bf4 {[%clk 1:11:53]} Bxf4 {[%clk 1:30:56]} 10. gxf4
{[%clk 1:12:19]} b6 {[%clk 1:31:21]} 11. Nbd2 {[%clk 1:10:17]} Bb7
{[%clk 1:30:06]} 12. b4 {[%clk 1:06:20]} a5 {[%clk 1:27:36]} 13. a3
{[%clk 1:03:22]} dxc4 {[%clk 1:24:53]} 14. Nxc4 {[%clk 1:02:02]} axb4
{[%clk 1:24:17]} 15. axb4 {[%clk 1:02:07]} c5 {[%clk 1:08:38]} 16. dxc5
{[%clk 0:49:45]} bxc5 {[%clk 1:08:09]} 17. b5 {[%clk 0:46:53]} Qb8
{[%clk 1:07:59]} 18. e3 {[%clk 0:28:07]} Bd5 {[%clk 0:59:27]} 19. Rxa8
{[%clk 0:11:42]} Qxa8 {[%clk 0:59:28]} 20. Nh4 {[%clk 0:11:51]} Rb8
{[%clk 0:53:05]} 21. Rb1 {[%clk 0:11:41]} h6 {[%clk 0:53:14]} 22. Bxd5
{[%clk 0:04:17]} Qxd5 {[%clk 0:53:12]} 23. Na5 {[%clk 0:02:37]} Qh5
{[%clk 0:50:29]} 24. Ng2 {[%clk 0:03:02]} Qh3 {[%clk 0:49:49]} 25. Nc6
{[%clk 0:02:20]} Ra8 {[%clk 0:45:55]} 26. b6 {[%clk 0:01:45]} Nxb6
{[%clk 0:43:24]} 27. Rxb6 {[%clk 0:02:10]} Ng4 {[%clk 0:43:48]} 28. Ne1
{[%clk 0:01:30]} g5 {[%clk 0:42:38]} 29. Ne7+ {[%clk 0:00:42]} Kf8
{[%clk 0:42:37]} 30. Qb2 {[%clk 0:00:47]} e5 {[%clk 0:29:49]} 31. Nf5
{[%clk 0:00:40]} Qxh2+ {[%clk 0:30:14]} 32. Kf1 {[%clk 0:01:07]} Kg8
{[%clk 0:30:42]} 33. Nd3 0-1

[Event "Team men PL final"]
[Site "Sochi"]
[Date "2018.05.05"]
[Round "5.10"]
[White "Palchun, Grigory"]
[Black "Natacheev, Peter"]
[Result "1-0"]
[BlackElo "2243"]
[WhiteElo "2454"]
[LiveChessVersion "1.4.8"]

1. d4 {[%clk 1:30:30]} d5 {[%clk 1:30:30]} 2. Bf4 {[%clk 1:31:14]} Nf6
{[%clk 1:29:55]} 3. e3 {[%clk 1:31:23]} g6 {[%clk 1:27:05]} 4. Nf3
{[%clk 1:25:44]} Bg7 {[%clk 1:26:45]} 5. c4 {[%clk 1:21:14]} e6 {[%clk 1:24:44]}
6. Nc3 {[%clk 1:19:43]} O-O {[%clk 1:23:46]} 7. Qc2 {[%clk 1:13:09]} c6
{[%clk 1:22:36]} 8. Be2 {[%clk 1:12:52]} Nbd7 {[%clk 1:17:07]} 9. O-O
{[%clk 1:07:56]} b6 {[%clk 1:12:31]} 10. b4 {[%clk 0:57:15]} dxc4
{[%clk 1:07:22]} 11. Bxc4 {[%clk 0:57:09]} Bb7 {[%clk 1:06:31]} 12. Bd6
{[%clk 0:50:15]} Re8 {[%clk 1:06:13]} 13. e4 {[%clk 0:50:15]} Rc8
{[%clk 1:04:21]} 14. Rad1 {[%clk 0:46:23]} Nb8 {[%clk 1:03:21]} 15. Bg3
{[%clk 0:30:40]} Qe7 {[%clk 1:00:24]} 16. a3 {[%clk 0:29:47]} h6 {[%clk 0:57:15]}
17. e5 {[%clk 0:25:50]} Nh5 {[%clk 0:55:33]} 18. Ne4 {[%clk 0:26:09]} Nxg3
{[%clk 0:55:56]} 19. fxg3 {[%clk 0:26:36]} Red8 {[%clk 0:55:28]} 20. Nf6+
{[%clk 0:21:35]} Kh8 {[%clk 0:52:00]} 21. Nh4 {[%clk 0:21:46]} Nd7
{[%clk 0:51:54]} 22. Qxg6 {[%clk 0:18:59]} Nf8 {[%clk 0:39:21]} 23. Qh5
{[%clk 0:18:31]} c5 {[%clk 0:39:10]} 24. bxc5 {[%clk 0:14:17]} bxc5
{[%clk 0:38:11]} 25. d5 {[%clk 0:14:34]} exd5 {[%clk 0:38:14]} 26. Nxd5
{[%clk 0:13:12]} Qxe5 {[%clk 0:38:13]} 27. Qxf7 {[%clk 0:13:07]} Qe6
{[%clk 0:32:19]} 28. Qxb7 {[%clk 0:12:52]} 1-0

[Event "Team men PL final"]
[Site "Sochi"]
[Date "2018.05.05"]
[Round "5.13"]
[White "Tomashevsky, Evgeny"]
[Black "Ponkratov, Pavel"]
[Result "0-1"]
[BlackElo "2601"]
[WhiteElo "2714"]
[LiveChessVersion "1.4.8"]

1. d4 {[%clk 1:30:54]} Nf6 {[%clk 1:30:56]} 2. Nf3 {[%clk 1:31:17]} e6
{[%clk 1:29:40]} 3. c4 {[%clk 1:30:04]} b6 {[%clk 1:30:07]} 4. g3
{[%clk 1:28:54]} Bb7 {[%clk 1:30:33]} 5. Bg2 {[%clk 1:29:14]} Be7
{[%clk 1:30:59]} 6. O-O {[%clk 1:29:18]} O-O {[%clk 1:31:26]} 7. Re1
{[%clk 1:29:18]} d5 {[%clk 1:31:40]} 8. cxd5 {[%clk 1:26:55]} exd5
{[%clk 1:32:05]} 9. Nc3 {[%clk 1:21:11]} Nbd7 {[%clk 1:32:30]} 10. b3
{[%clk 1:20:09]} Re8 {[%clk 1:32:55]} 11. Bb2 {[%clk 1:16:46]} Bd6
{[%clk 1:33:13]} 12. Rc1 {[%clk 1:08:39]} a6 {[%clk 1:32:31]} 13. Rc2
{[%clk 1:08:43]} Rc8 {[%clk 1:18:22]} 14. e3 {[%clk 0:37:57]} Qe7
{[%clk 0:52:40]} 15. Ne2 {[%clk 0:36:49]} Ne4 {[%clk 0:50:19]} 16. Nf4
{[%clk 0:36:18]} Ndf6 {[%clk 0:48:57]} 17. Nd3 {[%clk 0:23:53]} a5
{[%clk 0:46:27]} 18. Nfe5 {[%clk 0:22:35]} c5 {[%clk 0:44:53]} 19. a4
{[%clk 0:22:49]} Ba6 {[%clk 0:43:20]} 20. Nf4 {[%clk 0:21:33]} Qb7
{[%clk 0:37:43]} 21. Qb1 {[%clk 0:14:36]} b5 {[%clk 0:19:40]} 22. axb5
{[%clk 0:13:50]} Bxb5 {[%clk 0:20:04]} 23. Rec1 {[%clk 0:04:34]} a4
{[%clk 0:19:06]} 24. bxa4 {[%clk 0:05:00]} Bxa4 {[%clk 0:19:31]} 25. Re2
{[%clk 0:05:26]} Rb8 {[%clk 0:13:31]} 26. f3 {[%clk 0:05:24]} cxd4
{[%clk 0:08:56]} 27. exd4 {[%clk 0:03:42]} Bxe5 {[%clk 0:05:07]} 28. dxe5
{[%clk 0:02:42]} Qb6+ {[%clk 0:05:32]} 29. Kh1 {[%clk 0:02:05]} Nf2+
{[%clk 0:05:50]} 30. Kg1 {[%clk 0:02:31]} Nd3+ {[%clk 0:04:35]} 31. Kh1
{[%clk 0:03:00]} Nxc1 {[%clk 0:04:51]} 32. Qxc1 {[%clk 0:03:24]} Nd7
{[%clk 0:02:29]} 33. Nxd5 {[%clk 0:01:30]} Qc5 {[%clk 0:02:49]} 34. Qxc5
{[%clk 0:00:57]} Nxc5 {[%clk 0:03:15]} 35. h4 {[%clk 0:01:17]} Nd3
{[%clk 0:01:00]} 36. Bc3 {[%clk 0:01:21]} Bb3 {[%clk 0:00:48]} 37. Rd2
{[%clk 0:00:33]} Nxe5 {[%clk 0:00:54]} 38. Nc7 {[%clk 0:00:36]} Re7
{[%clk 0:01:00]} 39. Na6 {[%clk 0:00:33]} Rc8 {[%clk 0:01:09]} 40. Nc5
{[%clk 0:30:37]} Bc4 {[%clk 0:31:19]} 41. Ne4 {[%clk 0:28:40]} Ba6
{[%clk 0:28:25]} 42. Ra2 {[%clk 0:23:02]} Bb7 {[%clk 0:21:16]} 43. Bxe5
{[%clk 0:20:30]} Rxe5 {[%clk 0:20:25]} 44. Nd6 {[%clk 0:20:55]} Bd5
{[%clk 0:19:30]} 45. Rb2 {[%clk 0:15:22]} Rd8 {[%clk 0:19:36]} 46. Kh2
{[%clk 0:15:36]} Re6 {[%clk 0:18:42]} 47. Nf5 {[%clk 0:15:59]} g6
{[%clk 0:19:03]} 48. Nd4 {[%clk 0:16:13]} Ra6 {[%clk 0:19:27]} 49. Ne2
{[%clk 0:14:45]} Ra3 {[%clk 0:18:27]} 50. Rd2 {[%clk 0:14:54]} Re8
{[%clk 0:18:45]} 51. Nd4 {[%clk 0:13:54]} Bb7 {[%clk 0:16:59]} 52. g4
{[%clk 0:11:35]} Rd8 {[%clk 0:16:54]} 53. Kg3 {[%clk 0:11:24]} Ra4
{[%clk 0:16:11]} 54. Nb3 {[%clk 0:11:47]} Rc8 {[%clk 0:15:48]} 55. Nd4
{[%clk 0:11:32]} Rcc4 {[%clk 0:16:03]} 56. Nb5 {[%clk 0:08:46]} Bc6
{[%clk 0:16:07]} 57. Rd8+ {[%clk 0:09:10]} Kg7 {[%clk 0:16:26]} 58. Nd6
{[%clk 0:09:37]} Rc2 {[%clk 0:12:22]} 59. Rc8 {[%clk 0:08:26]} Raa2
{[%clk 0:11:01]} 60. Bf1 {[%clk 0:07:24]} Ra3 {[%clk 0:11:12]} 61. Bg2
{[%clk 0:02:51]} Rxg2+ {[%clk 0:09:13]} 62. Kxg2 {[%clk 0:03:15]} Bxf3+
{[%clk 0:09:41]} 63. Kf2 {[%clk 0:02:55]} Bxg4 {[%clk 0:10:06]} 64. Rc7
{[%clk 0:03:20]} Be6 {[%clk 0:10:31]} 65. Ne8+ {[%clk 0:03:47]} Kh6
{[%clk 0:10:35]} 66. Nd6 {[%clk 0:04:12]} Ra4 {[%clk 0:10:51]} 0-1

[Event "Team men PL final"]
[Site "Sochi"]
[Date "2018.05.05"]
[Round "5.14"]
[White "Bezgodov, Alexei"]
[Black "Shirov, Alexei"]
[Result "1/2-1/2"]
[BlackElo "2652"]
[WhiteElo "2460"]
[LiveChessVersion "1.4.8"]

1. e4 {[%clk 1:30:56]} e5 {[%clk 1:30:55]} 2. Nf3 {[%clk 1:31:19]} Nc6
{[%clk 1:31:21]} 3. Nc3 {[%clk 1:31:39]} Nf6 {[%clk 1:30:06]} 4. Bb5
{[%clk 1:31:45]} Nd4 {[%clk 1:30:20]} 5. Nxd4 {[%clk 1:32:06]} exd4
{[%clk 1:30:45]} 6. e5 {[%clk 1:32:33]} dxc3 {[%clk 1:30:23]} 7. exf6
{[%clk 1:32:59]} Qxf6 {[%clk 1:30:48]} 8. dxc3 {[%clk 1:33:25]} Qe5+
{[%clk 1:20:13]} 9. Qe2 {[%clk 1:30:56]} Qxe2+ {[%clk 1:20:33]} 10. Kxe2
{[%clk 1:31:18]} c6 {[%clk 1:19:09]} 11. Bd3 {[%clk 1:30:38]} d5 {[%clk 1:17:37]}
12. Re1 {[%clk 1:25:31]} Bd6 {[%clk 1:16:13]} 13. Bf4 {[%clk 1:24:46]} Ke7
{[%clk 1:13:09]} 14. Kf3+ {[%clk 1:11:58]} Be6 {[%clk 1:11:02]} 15. c4
{[%clk 1:06:19]} dxc4 {[%clk 1:09:09]} 16. Bxc4 {[%clk 1:02:45]} Bxf4
{[%clk 1:09:35]} 17. Kxf4 {[%clk 1:00:52]} Rad8 {[%clk 1:08:33]} 18. Bxe6
{[%clk 1:00:44]} fxe6 {[%clk 1:08:59]} 19. Re2 {[%clk 0:59:36]} Rd4+
{[%clk 1:05:45]} 20. Kg3 {[%clk 0:59:37]} Rhd8 {[%clk 1:05:59]} 21. Rae1
{[%clk 0:59:46]} R8d6 {[%clk 1:06:22]} 22. f3 {[%clk 0:59:14]} Rd2
{[%clk 1:03:14]} 23. Kf2 {[%clk 0:59:04]} Rxe2+ {[%clk 1:03:34]} 24. Rxe2
{[%clk 0:57:45]} Rd1 {[%clk 1:01:55]} 25. Re1 {[%clk 0:56:34]} Rd2+
{[%clk 1:02:06]} 26. Re2 {[%clk 0:56:59]} Rd1 {[%clk 1:02:32]} 27. Re1
{[%clk 0:57:27]} Rd2+ {[%clk 1:01:08]} 28. Re2 {[%clk 0:57:18]} Rd1 1/2-1/2